Countries Moraji Desai visited - Statistics

General Stats
  • This quiz has been taken 18 times
  • The average score is 11 of 15
Answer Stats
Continent Country % Correct
Oceania Australia
100%
Europe Germany
100%
Europe France
92%
Asia/ Europe Soviet Union
92%
Europe United Kingdom
92%
North America United States of America
92%
Europe Belgium
83%
Asia Bangladesh
67%
Europe Czechoslovakia
58%
Asia Iran
58%
Africa Kenya
50%
Europe Poland
50%
Asia Nepal
42%
Asia Sri Lanka
42%
Europe Yugoslavia
42%
No matching quizzes found
Score Distribution
Percent of People with Each Score
Percentile by Number Answered
Your Score History
You have not taken this quiz